Štúdium chemického zloženia propolisu metódou vysokoúčinnej kvapalinovej chromatografie bakalárska práca
Na minha lista:
| Autor principal: | |
|---|---|
| Formato: | Livro |
| Idioma: | eslovaco |
| Publicado em: |
Bratislava
STU FCHPT
2013
|
| Acesso em linha: | View in OPAC |
| Tags: |
Sem tags, seja o primeiro a adicionar uma tag!
|
MARC
| LEADER | 00000nam a2200000 a 4500 | ||
|---|---|---|---|
| 005 | 20260127134301.0 | ||
| 008 | 130828 2013 000 0 slo d | ||
| 035 | |a vtls010539027 | ||
| 039 | 9 | |y 201308281141 |z mschk03 | |
| 040 | |a STUSCHK1 |b slo |c STUSCHK1 |e AACR2 | ||
| 100 | 1 | |a Micsová, Nikoleta | |
| 245 | 1 | |a Štúdium chemického zloženia propolisu metódou vysokoúčinnej kvapalinovej chromatografie |b bakalárska práca |c Nikoleta Micsová | |
| 260 | |a Bratislava |b STU FCHPT |c 2013 | ||
| 300 | |a 34 s. |b il. |c 30 cm | ||
| 500 | |a Obhájené: 08.07.2013 | ||
| 500 | |a Štud. program: Chémia a medicínska chémia | ||
| 500 | |a Štud. odbor: Chémia, chemické technológie | ||
| 500 | |a Škol. pracovisko: Odd. analytickej chémie | ||
| 500 | |a Evid. číslo: FCHPT-5427-68567 | ||
| 910 | |a SCHK95 | ||
| 999 | |c 8757 |d 8757 | ||